O samozvanom arbitrovi Z literárnej scény

Bibliographic Details
Main Author: Mihálik, Vojtech, 1926-2001 (Author)
Format: Article
Language:Slovak
Subjects:

MARC

LEADER 00000nab a2200000 a 4500
001 vtls000346978
003 SK-MaSNL
005 20260302231000.0
008 160215c1989 xo 0 slo
015 |a SNBRB19rr/mm-uuuuu 
035 |a CL0347100 
040 |a SNKBUCL  |b slo  |c SNKBUCL  |e AACR2 
041 0 |a slo 
044 |a xo  |c SK 
080 |a 885.4-1  |2 1981 
100 1 |a Mihálik, Vojtech,  |d 1926-2001  |4 aut  |9 13821 
245 1 0 |a O samozvanom arbitrovi  |b Z literárnej scény  |c Vojtech Mihálik 
500 |a V rubrike Literárium. 
650 0 7 |a básne satirické  |2 snkbucl  |9 898428 
655 7 |a články z novín a časopisov  |2 snkbucl  |9 267496 
655 7 |a články z odboru literárna veda a krásna literatúra  |2 snkbucl  |9 770045 
773 0 |t Literárny týždenník  |g Roč. 2, č. 10 (1989), s. 16 
850 |a Slovenská národná knižnica v Martine  |a MTA001 
852 |a SNK  |b KIS3GCP 
958 |a BX 
958 |a RK 
958 |a LX 
999 |c 1536439  |d 1538369